| 000 | 00745nam a22002297a 4500 | ||
|---|---|---|---|
| 999 |
_c17307 _d17307 |
||
| 003 | AR-CdUCM | ||
| 008 | 190508b ||||| |||| 00| 0 spa d | ||
| 040 |
_aMUNICIPALIDAD PROVINCIAL DEL CUSCO _cBIBLIOTECA MUNICIPAL DEL CUSCO |
||
| 082 |
_a869.56 / _bB97 |
||
| 100 |
_abuttner, Marie M. _937243 |
||
| 245 | _aYanamayu Ayllu 1 / | ||
| 260 |
_aPuno : _bSociedad Alemana de Cooperación Tecnica, _c1984. |
||
| 300 |
_a191 paginas ; _bIlustraciones, graficos, dibujos, _c24 cm. |
||
| 500 | _aTexto en quechua | ||
| 650 |
_aHistoria _9136 |
||
| 650 |
_aLiteratura _983 |
||
| 650 |
_aQuechua _92063 |
||
| 700 |
_aCointet, Francoise _937244 |
||
| 700 |
_aChuquihuamani Valer, Nonato R. _937245 |
||
| 942 |
_2ddc _cLIBROS |
||
| 945 |
_apjha _d2019-05-08 |
||